000 00298cam a22001097a 4500
008 180718b2002 xxu||||| |||| 00| 0 eng d
020 _a81 87036 72 9
100 _aRattu, Krishan Kumar
245 _aJehad aur aatank
_cby Krishan Kumar Rattu
260 _aJaipur
_bBook Inclave
_c2002
300 _a219p.
999 _c440284
_d440284